Fr. Conceicao Rodrigues College of Engineering

Happiness is your Right (Record no. 30660)

MARC details
000 -LEADER
fixed length control field 00357nam a2200169Ia 4500
082 ## - DEWEY DECIMAL CLASSIFICATION NUMBER
Classification number 170/VAR
Item number VAr
100 ## - MAIN ENTRY--PERSONAL NAME
Personal name Varkey/C.P
245 ## - TITLE STATEMENT
Title Happiness is your Right
260 ## - PUBLICATION, DISTRIBUTION, ETC.
Name of publisher, distributor, etc. Better Yourself Books
Place of publication, distribution, etc. Bandra
Date of publication, distribution, etc. 1996
366 ## - TRADE AVAILABILITY INFORMATION
Publishers's discount category 25
300 ## - PHYSICAL DESCRIPTION
Extent 108
546 ## - LANGUAGE NOTE
Language note ENGLISH
650 ## - SUBJECT ADDED ENTRY--TOPICAL TERM
Topical term or geographic name entry element Philosophy
654 ## - SUBJECT ADDED ENTRY--FACETED TOPICAL TERMS
Focus term happiness
942 ## - ADDED ENTRY ELEMENTS (KOHA)
Koha item type BOOK
Holdings
Withdrawn status Lost status Damaged status Not for loan Collection Home library Current library Date acquired Source of acquisition Cost, normal purchase price Inventory number Total Checkouts Full call number Barcode Date last seen Cost, replacement price Price effective from Koha item type
        CRC Fr. Agnel's C.Rodrigues College of Engineering Fr. Agnel's C.Rodrigues College of Engineering 17/03/2023 Better Yourself Books 10.00 1028 dt 04/09/2007   170/VAR VAr 17758 17/03/2023 35.00   BOOK